000
00300nam a2200109Ia 4500
008
200302s9999 xx 000 0 und d
100
_a
Sean Lally
245
_a
The Air From Other Planets - A Brief History Of Architecture To Come
260
_b
Lars Muller Publishers
260
_c
2014
300
_a
247 P
999
_c
4393
_d
4393